| 000 | 00856nam a2200277 a 4500 | ||
|---|---|---|---|
| 001 | 36879 | ||
| 003 | BD-RjUL | ||
| 005 | 20211209052543.0 | ||
| 008 | 140922s1997 enka b 001 0 eng | ||
| 020 | _a0521635144 | ||
| 020 | _a052147244X (hb) | ||
| 020 | _a0521478154 (pb) | ||
| 035 | _a(BD-RjUL) | ||
| 040 |
_aDLC _cDLC _dDLC _dBD-RjUL _beng |
||
| 041 | _aeng | ||
| 082 | 0 | 0 |
_a574.5028 _220 |
| 245 | 0 | 0 |
_aEcological census techniques : _ba handbook / _cedited by William J. Sutherland. |
| 260 |
_aCambridge ; _aNew York : _bCambridge University Press, _c1997 |
||
| 300 |
_axv, 336 p. : _bill. ; _c25 cm. |
||
| 504 | _aIncludes bibliographical references and index. | ||
| 650 | 0 |
_aEcological survey _xMethodology. _9112558 |
|
| 700 | 1 |
_aSutherland, William J. _9112559 |
|
| 942 |
_2ddc _cBK |
||
| 999 |
_c36879 _d36879 |
||